000 02312nam a22003977a 4500
001 42835
003 gtgccic
005 20251112110921.0
007 ta
008 251112b gt ||||| |||| 00| 0 spa d
040 _agtgccic
_bspa
_cgtgccic
_erda
084 _0TPI-16-0110
100 1 0 _aKarla Ivonne Rodríguez Quiñónez
_dArquitecta
_eautor
245 1 0 _aPropuesta de un modelo mínimo de centro de acopio para desechos sólidos,
_bcaso validado en el mercado municipal de Casillas, Santa Rosa /
_cRodríguez Quiñónez, Karla Ivonne
264 1 _aGuatemala, Guatemala :
_bUSAC, Facultad de Ingeniería ;
_c2016.-
300 _axxxi, 125 p. :
_bil. ;
_c27 cm
336 _2rdacontenido
_aTexto
_btxt
337 _2rdamedio
_asin mediación
_bn
338 _2rdasoporte
_avolumen
_bnc
502 _aTesis Postgrado
_bMAESTRA EN ARTES EN INGENIERÍA PARA EL DESARROLLO MUNICIPAL
_cUSAC, Facultad de Ingeniería, Escuela de Postgrado
_d2016
_oTPI-16-0110
504 _aBibliografía pag. 117
505 _t1. APROXIMACIÓN TEÓRICA AL TEMA DE LOS DESECHOS SÓLIDOS
505 _t2. CARACTERÍSTICAS GENERALES DEL MUNICIPIO
505 _t3. EL MUNICIPIO Y LOS DESECHOS SÓLIDOS
505 _t4. CARACTERÍSTICAS DE LOS DESECHOS SÓLIDOS GENERADOS EN EL MERCADO MUNICIPAL
505 _t5. PROPUESTA PARA LA CONSTRUCCIÓN DE UN CENTRO DE ACOPIO Y MANEJO EFICIENTE DE DESECHOS SÓLIDOS DEL MERCADO MUNICIPAL
505 _t6. PRESENTACIÓN DE RESULTADOS
505 _t7. DISCUSIÓN DE RESULTADOS
520 3 _aEn el municipio de Casillas, Santa Rosa, uno de los principales factores de contaminación al ambiente y a la salud es la acumulación de desechos sólidos en los locales comerciales del mercado municipal. Por esta razón, se presenta la propuesta de un modelo mínimo de centro de acopio para desechos sólidos, generados en el mercado municipal, planteando un centro especial para el tratamiento de los desechos generados a diario evitando una acumulación sin control, contribuyendo a la clasificación, reutilización, disminución y comercialización de los desechos sólidos antes de su disposición final.
650 _aCENTROS
650 _aDESECHOS
650 _aMERCADOS
700 _aMSc. Arq. Luis Estuardo Ovando Lavagnino
_easesor
942 _2ddc
_cTPS
945 _aamlo
999 _c2523
_d2523